000 00678nam a2200217 a 4500
005 20210223130245.0
008 070904s2000 mx r 000 0 spa d
020 _a8425334608
035 _aUPN01000151653
049 _aCG
050 4 _aHF5383
_bH6.2
100 1 _aHoward, Simon
245 1 3 _aEl currículo convincente /
_cSimon Howard ; tr. Xebi Solé.
260 _aBarcelona, Esp. :
_bGrijalbo,
_c2000.
300 _a72 p. :
_bil. col.
440 0 _aBiblioteca esencial del ejecutivo
534 _pTraducción de:
_tEssential managers : creating a successful CV
650 4 _aCURRICULUM VITAE (EMPLEOS)
_97715
650 4 _aBUSQUEDA DE EMPLEO
_96452
905 _aLibro
999 _c123789
_d123789